00390nam a2200145Ia 4500008004100000020002200041041000800063082001900071100001300090245003100103250001200134260006600146300001000212650002200222230711s9999||||xx |||||||||||||| ||und|| a978-0-07-462305-3 aENG a624.1834bNE-D aNegi,L.S 0aDesign of steel structures a2nd Ed. c2016aNew DelhibMcGraw Hill Education(India) Private Limited a317p. aCivil Engineering